000 nam a22 7a 4500
999 _c7805
_d7805
005 20190730074352.0
008 190730b xxu||||| |||| 00| 0 eng d
020 _a0070293074
_bpaperback
040 _beng
_cAPEC Schools Library
_erda
082 _aC 306
_bH6779c 1991
100 _aHofstede, Geert
245 _aCultures and organizations : software of the mind
_cGeert Hofstede
264 _aNew York :
_bMcGraw-Hill,
_c©1991.
300 _axvi, 279 pages ;
336 _2rdacontent
_atext
337 _2rdamedia
_aunmediated
338 _2rdacarrier
_avolume
504 _aIncludes bibliographical references and index.
650 _aIntercultural communication.
650 _aOrganization--Research.
650 _aInternational cooperation.
650 _aNational characteristics.
942 _2ddc
_cNFIC